Paralegal practice and procedure : a practical guide for the legal assistant (Record no. 33349)

MARC details
000 -LEADER
fixed length control field 00606nam a2200193Ia 4500
020 ## - INTERNATIONAL STANDARD BOOK NUMBER
ISBN 0131085727
050 ## - CALL MARK
Classification number KL 87 .L2/
100 ## - STATEMENT OF RESPONSIBILITY--MAIN AUTHOR NAME
Personal name Larbalestrier, Deborah E.
245 #0 - TITLE STATEMENT
Title Paralegal practice and procedure : a practical guide for the legal assistant
250 ## - EDITION / VOLUME STATEMENT
Edition / Volume statement 2nd ed.
260 ## - PUBLICATION, DISTRIBUTION, ETC. (IMPRINT)
Place of publication Englewood Cliffs
260 ## - PUBLICATION, DISTRIBUTION, ETC. (IMPRINT)
Name of publisher Prentice Hall
260 ## - PUBLICATION, DISTRIBUTION, ETC. (IMPRINT)
Year of publication 1986
300 ## - PHYSICAL DESCRIPTION
Number of Pages 405 p
650 ## - SUBJECT ADDED ENTRY--TOPICAL TERM
Topical Term Legal assistants_United States_Handbooks, manuals, etc. Legal secretaries_United States_Handbooks, manuals, etc.
942 ## - ADDED ENTRY ELEMENTS (KOHA)
Koha item type Books
Holdings
Withdrawn status Lost status Source of classification or shelving scheme Damaged status Not for loan Permanent Location Current Location Date acquired Accession Number Price effective from Koha item type
    Library of Congress Classification     Law Library Law Library 04/23/2025 0010519 04/23/2025 Books